Los decretos del Vaticano considerados en su influencia sobre la lealtad civil / (Record no. 169938)

MARC details
000 -LEADER
campo de control de longitud fija 00781nam a22001935i 4500
001 - NÚMERO DE CONTROL
campo de control 169938
003 - IDENTIFICADOR DE NÚMERO DE CONTROL
campo de control ES-MaACL
005 - FECHA Y HORA DE LA ÚLTIMA TRANSACCIÓN
campo de control 20250701211801.0
008 - DATOS DE LONGITUD FIJA--INFORMACIÓN GENERAL
campo de control de longitud fija 081222s1875 sp |||| | spa d
100 1# - ENTRADA PRINCIPAL--NOMBRE DE PERSONA
Nombre de persona Gladstone, Willian Ewart.
9 (RLIN) 127343
245 14 - MENCIÓN DEL TÍTULO
Título Los decretos del Vaticano considerados en su influencia sobre la lealtad civil /
Mención de responsabilidad, etc. por W. E. Gladstone ; traducción española... de Víctor Oger.
260 ## - PUBLICACIÓN, DISTRIBUCIÓN, ETC.
Lugar de publicación, distribución, etc. Barcelona :
Nombre del editor, distribuidor, etc. [s.n.],
Fecha de publicación, distribución, etc. 1875 (
Fabricante Narciso Ramírez)
300 ## - DESCRIPCIÓN FÍSICA
Extensión 62 p. ;
Dimensiones 21 cm.
611 27 - PUNTO DE ACCESO ADICIONAL DE MATERIA--NOMBRE DE REUNIÓN/CONGRESO
Nombre de congreso/reunión o jurisdicción como elemento de entrada Concilio Vaticano
Número del congreso/reunión o número de parte o sección (1º.
Fecha del congreso o de la firma del tratado 1869-1870)
Fuente del encabezamiento o término
9 (RLIN) 139116
650 14 - PUNTO DE ACCESO ADICIONAL DE MATERIA--TÉRMINO DE MATERIA
Término de materia o nombre geográfico como elemento de entrada Papas-
Subdivisión general Infalibilidad.
9 (RLIN) 15820
700 1# - ENTRADA AGREGADA--NOMBRE PERSONAL
Nombre de persona Oger, Víctor.
9 (RLIN) 139115
852 ## - LOCALIZACIÓN
Ubicación ES-MaACL
Número de control de estantería T-208-F-2
Nota libre .- Dedicatoria manuscrita de Arturo Corbella a la biblioteca del Ateneo
Holdings
Estatus retirado Estado de pérdida Estado de daño No para préstamo Colección Biblioteca de origen Biblioteca actual Ubicación en estantería Fecha de adquisición Fuente de adquisición Total de préstamos Signatura topográfica completa Código de barras Visto por última vez Precio de reemplazo Tipo de ítem Koha
        Colección de folletos Biblioteca del Ateneo de Madrid Biblioteca del Ateneo de Madrid Depósito folletos 22/12/2008     T-208-F-2 1178415 23/02/2023 23/02/2023 Folleto